Statistics for Doctor Who Quotes

Click here to take the quiz!

General Stats

  • This quiz has been taken 207 times
  • The average score is 9 of 15

Answer Stats

QuoteAnswer% Correct
_____ and custardfishfingers
90%
I made up the name TARDIS from the initials - Time and ______ _____ in Spacerelative dimension
89%
It's ____ on the insidebigger
88%
______ are cool.bow ties/fezzes/stetsons
87%
Don't ___!blink
85%
Sometimes, very rarely, impossible things just happen, and we call them _____miracles
79%
I don't want _ _to go
78%
___, Alonso!allons-y
75%
Would you mind not ___ while I'm saving the world?farting
73%
Do you want a __ __?jelly baby
73%
____ __, Rose. Just this once, ____ __!everybody lives
50%
Hey, I'm the Doctor and I can save the universe with a kettle and a __ _ __piece of string
10%
Seek, locate, ______!annihilate
9%
For some people, small, ______ events are what life is all about.beautiful
6%
Nothing can be _____eternal
2%

Score Distribution

Percentile by Number Answered

Percent of People with Each Score

Your Score History

You have not taken this quiz